000 00573nam a2200181Ia 4500
008 151202s9999||||xx |||||||||||||| ||und||
082 _bPNVM-55916
100 _aलिमये नरुभाऊ.
245 _aघरटं छान छान.
260 _b"अंजु प्रकाशन,पुणे."
260 _c1992
300 _a84
600 _aलिमये नरुभाऊ.
630 _aघरटं छान छान.
700 _aलिमये नरुभाऊ.
730 _aघरटं छान छान.
942 _cBOOK
999 _c1322454
_d1322451